Loading...

Kathopanishad

Bibliographic Details
Main Author: Muni Narayana Prasad, Swami; Commentator
Format: Printed Book
Published: Kozhikkode, Poorna Publications 2003
Subjects:
LEADER 006440000a22002050004500
020 |a 81-7180-961-8 
040 |a MAL 
082 |a 294.592 18 KAT 32P3 
100 |a Muni Narayana Prasad, Swami; Commentator 
245 |a Kathopanishad 
250
260 |a Kozhikkode, Poorna Publications 
260 |c 2003 
460 |a 256p 
465 |a Rs.125.00 
500 |a comm by Swami Muni Narayana Prasad 
650 |a Kathopanishad 
650 |a Upanishads 
999 |c 37643  |d 37643 
952 |0 0  |1 0  |4 0  |6 294_592000000000000_18_KAT_32P  |7 0  |8 MAL  |9 38146  |a MGUL  |b MGUL  |d 2013-07-16  |e Rs.125.00  |l 1  |o 294.592 18 KAT 32P3  |p 36931  |r 2016-12-04  |s 2016-11-21  |w 2013-07-16  |y BK